000 01159nam0a22002411 4500
001 rc\2992116
005 20250530004523.0
035 _a(NLR Aleph) 007136144
090 _a7008626
_c7008626
100 _a20110915d1935 |||y0rusy50 ca
101 0 _arus
102 _aRU
105 _aa j |||||
200 1 _aОвцеводство
_eГл. упр. животноводства НКЗ СССР допущено в качестве учебника для район. колхоз. школ и курсов по подготовке бригадиров-животноводов
_fпроф. П.П. Белехов
210 _aМосква
_cСельхозгиз
_d1935
_g"Образцовая" тип.
215 _aПереплет, 285 с., 2 с. объявл.
_cил.
_d20×14 см
225 1 _aУчебники и учебные пособия для подготовки сельскохозяйственных кадров массовой квалификации
700 1 _aБелехов
_bП.П.
_f1895-
_gПетр Петрович
801 0 _aRU
_bNLR
_gpsbo
801 1 _aRU
_bELAR
_2rusmarc
852 _aNLR
_j35-3/985
942 _cBOOK
980 _aNB